000 00540nam a2200181 4500
001 10088
005 20230410123526.0
008 060907n1983 dr spa
020 _a9501401111
035 _9funglode10169
041 _aES
050 1 4 _aKHA 2589 P438j 1983
100 _aPérez Guilhou, Dardo
245 1 4 _aLos jueces de facto; Amnistía política :
_btemas de controversia constitucional /
_cDardo Pérez Guilhou
260 _aBuenos Aires :
_bEdiciones Depalma,
_c1983
300 _axii, 66 p.
942 _2lcc
_cbk
999 _c63216
_d63216